<?xml version="1.0" encoding="UTF-8"?>
<record
    xmlns:xsi="http://www.w3.org/2001/XMLSchema-instance"
    xsi:schemaLocation="http://www.loc.gov/MARC21/slim http://www.loc.gov/standards/marcxml/schema/MARC21slim.xsd"
    xmlns="http://www.loc.gov/MARC21/slim">

  <leader>01413nam0a2200313   4500</leader>
  <controlfield tag="001">RU\NLR\bibl\1149416</controlfield>
  <controlfield tag="005">20250615075834.0</controlfield>
  <datafield tag="021" ind1=" " ind2=" ">
    <subfield code="a">RU</subfield>
    <subfield code="b">2007-66978</subfield>
    <subfield code="9">3592</subfield>
  </datafield>
  <datafield tag="035" ind1=" " ind2=" ">
    <subfield code="a">(NLR Aleph) 001136220</subfield>
  </datafield>
  <datafield tag="090" ind1=" " ind2=" ">
    <subfield code="a">1388971</subfield>
    <subfield code="c">1388971</subfield>
  </datafield>
  <datafield tag="100" ind1=" " ind2=" ">
    <subfield code="a">20071102d2007    |||y0rusy50      ca</subfield>
  </datafield>
  <datafield tag="101" ind1="0" ind2=" ">
    <subfield code="a">rus</subfield>
  </datafield>
  <datafield tag="102" ind1=" " ind2=" ">
    <subfield code="a">RU</subfield>
  </datafield>
  <datafield tag="105" ind1=" " ind2=" ">
    <subfield code="a">a   |||||||||</subfield>
  </datafield>
  <datafield tag="200" ind1="1" ind2=" ">
    <subfield code="a">&#x41A;&#x440;&#x443;&#x433;&#x43E;&#x432;&#x435;&#x440;&#x442;&#x44C; &#x43E;&#x442;&#x43A;&#x440;&#x43E;&#x432;&#x435;&#x43D;&#x438;&#x439;</subfield>
    <subfield code="e">&#x441;&#x431;&#x43E;&#x440;&#x43D;&#x438;&#x43A; &#x441;&#x442;&#x438;&#x445;&#x43E;&#x442;&#x432;&#x43E;&#x440;&#x435;&#x43D;&#x438;&#x439;</subfield>
    <subfield code="f">&#x421;&#x435;&#x440;&#x433;&#x435;&#x439; &#x422;&#x443;&#x440;&#x435;&#x43D;&#x43A;&#x43E;</subfield>
  </datafield>
  <datafield tag="210" ind1=" " ind2=" ">
    <subfield code="a">&#x421;&#x442;&#x430;&#x440;&#x44B;&#x439; &#x41E;&#x441;&#x43A;&#x43E;&#x43B;</subfield>
    <subfield code="c">&#x420;&#x41E;&#x421;&#x410;</subfield>
    <subfield code="d">2007</subfield>
  </datafield>
  <datafield tag="215" ind1=" " ind2=" ">
    <subfield code="a">72, [4] &#x441;.</subfield>
    <subfield code="d">14</subfield>
  </datafield>
  <datafield tag="327" ind1="1" ind2=" ">
    <subfield code="a">&#x421;&#x43E;&#x434;&#x435;&#x440;&#x436;.: &#x446;&#x438;&#x43A;&#x43B;&#x44B;: &#x41E;&#x442;&#x43A;&#x440;&#x43E;&#x432;&#x435;&#x43D;&#x438;&#x435; &#x43F;&#x435;&#x440;&#x432;&#x43E;&#x435; &#x43E; &#x441;&#x430;&#x43C;&#x43E;&#x43C; &#x441;&#x435;&#x431;&#x435;; &#x41E;&#x442;&#x43A;&#x440;&#x43E;&#x432;&#x435;&#x43D;&#x438;&#x435; &#x432;&#x442;&#x43E;&#x440;&#x43E;&#x435; &#x43E; &#x441;&#x432;&#x43E;&#x435;&#x439; &#x441;&#x443;&#x434;&#x44C;&#x431;&#x435;; &#x41E;&#x442;&#x43A;&#x440;&#x43E;&#x432;&#x435;&#x43D;&#x438;&#x435; &#x442;&#x440;&#x435;&#x442;&#x44C;&#x435; &#x43E; &#x43C;&#x44B;&#x441;&#x43B;&#x44F;&#x445; &#x441;&#x432;&#x43E;&#x438;&#x445;; &#x41E;&#x442;&#x43A;&#x440;&#x43E;&#x432;&#x435;&#x43D;&#x438;&#x435; &#x447;&#x435;&#x442;&#x432;&#x435;&#x440;&#x442;&#x43E;&#x435; &#x43E; &#x434;&#x435;&#x442;&#x441;&#x442;&#x432;&#x435;; &#x41E;&#x442;&#x43A;&#x440;&#x43E;&#x432;&#x435;&#x43D;&#x438;&#x435; &#x43F;&#x44F;&#x442;&#x43E;&#x435; &#x43E; &#x431;&#x43B;&#x438;&#x437;&#x43A;&#x438;&#x445; &#x441;&#x435;&#x440;&#x434;&#x446;&#x443; &#x434;&#x430;&#x442;&#x430;&#x445;; &#x41E;&#x442;&#x43A;&#x440;&#x43E;&#x432;&#x435;&#x43D;&#x438;&#x435; &#x448;&#x435;&#x441;&#x442;&#x43E;&#x435; &#x43E; &#x442;&#x43E;&#x43C;, &#x43E; &#x441;&#x435;&#x43C; &#x438; &#x43E;&#x431;&#x43E; &#x432;&#x441;&#x435;&#x43C;; &#x41E;&#x442;&#x43A;&#x440;&#x43E;&#x432;&#x435;&#x43D;&#x438;&#x435; &#x441;&#x435;&#x434;&#x44C;&#x43C;&#x43E;&#x435; &#x43F;&#x440;&#x43E; &#x441;&#x43F;&#x440;&#x430;&#x432;&#x435;&#x434;&#x43B;&#x438;&#x432;&#x43E;&#x441;&#x442;&#x44C;, &#x43B;&#x43E;&#x436;&#x44C; &#x438; &#x437;&#x43B;&#x43E;</subfield>
  </datafield>
  <datafield tag="686" ind1=" " ind2=" ">
    <subfield code="a">&#x428;6(2=&#x420;)75-5</subfield>
  </datafield>
  <datafield tag="700" ind1=" " ind2="1">
    <subfield code="a">&#x422;&#x443;&#x440;&#x435;&#x43D;&#x43A;&#x43E;</subfield>
    <subfield code="b">&#x421;. &#x424;.</subfield>
    <subfield code="g">&#x421;&#x435;&#x440;&#x433;&#x435;&#x439; &#x424;&#x435;&#x434;&#x43E;&#x440;&#x43E;&#x432;&#x438;&#x447;</subfield>
    <subfield code="4">070</subfield>
  </datafield>
  <datafield tag="801" ind1=" " ind2="0">
    <subfield code="a">RU</subfield>
    <subfield code="b">NLR</subfield>
    <subfield code="c">20071102</subfield>
    <subfield code="g">RCR</subfield>
  </datafield>
  <datafield tag="801" ind1=" " ind2="1">
    <subfield code="a">RU</subfield>
    <subfield code="b">NLR</subfield>
    <subfield code="c">20071102</subfield>
  </datafield>
  <datafield tag="830" ind1=" " ind2=" ">
    <subfield code="a">&#x43F;&#x43E; &#x43A;&#x43D;.</subfield>
  </datafield>
  <datafield tag="942" ind1=" " ind2=" ">
    <subfield code="c">BOOK</subfield>
  </datafield>
  <datafield tag="980" ind1=" " ind2=" ">
    <subfield code="a">NB</subfield>
  </datafield>
  <datafield tag="980" ind1=" " ind2=" ">
    <subfield code="a">NBR</subfield>
  </datafield>
  <datafield tag="995" ind1=" " ind2=" ">
    <subfield code="5">2007-11-02</subfield>
    <subfield code="a">ad</subfield>
    <subfield code="b">NLR01</subfield>
    <subfield code="c">NLR01</subfield>
    <subfield code="e">RF9</subfield>
    <subfield code="f">2540959</subfield>
    <subfield code="k">2007-1/724</subfield>
    <subfield code="o">0</subfield>
    <subfield code="r">BOOK</subfield>
    <subfield code="s">20071724_</subfield>
  </datafield>
  <datafield tag="995" ind1=" " ind2=" ">
    <subfield code="5">2007-11-02</subfield>
    <subfield code="a">ad</subfield>
    <subfield code="b">NLR01</subfield>
    <subfield code="c">NLR01</subfield>
    <subfield code="e">RF9</subfield>
    <subfield code="f">2540960</subfield>
    <subfield code="k">2007-1/724</subfield>
    <subfield code="o">0</subfield>
    <subfield code="r">BOOK</subfield>
    <subfield code="s">20071724_</subfield>
  </datafield>
</record>
